00752 2200205 4500001002100000005001700021008004100038035002400079040001200103082001000115090001900125100001800144245014900162260010200311300003700413500002700450504002400477650002700501990001800528YOGYA-0113000000069920130110102215.0 ind  0010-011300000000699 aYOPDYOG a658.5 aSK 658.5 Ari A aARIS SETYANTO aAnallisis faktor-faktor produksi yang mempengaruhi produksi wayang kulit di desa Bangunjiwo Kasihan Bantul Yogyakarta/disusun oleh Aris Setyanto aYogyakartabSekolah tinggi Ilmu Ekonomi Kerjsama Jurusan Ilmu Ekonomi dan Studi Pembangunanc1999 aXII,64,(13)lbrbilus,lampc29 cm aSkripsi STIE Kerjasama aBibliografi(lbr.65) aWayang Kulit, produksi a42852-PD/A.12